| 000 | 00612nam a22001337a 4500 | ||
|---|---|---|---|
| 040 | _cRUA | ||
| 082 | _aFOR HEA 2015 B487 Or.1 | ||
| 100 | _aHEAN SAMNAG; | ||
| 245 | _aForestcover resource assessment at preah vihear protected forest in 2014; ការវាយតម្លៃធនធានគម្របព្រៃឈើក្នុងតំបន់ព្រៃការពារព្រះវិហារ ឆ្នាំ២០១៤ | ||
| 260 |
_aPhnom Penh _bRUA _c2015 |
||
| 300 |
_axi;37p. _bill. _c29cm. |
||
| 856 | _uFORESTCOVER RESOURCE ASSESSMENT AT PREAH VIHEAR PROTECTED FOREST IN 2014 | ||
| 942 | _cFOR | ||
| 999 |
_c8274 _d8274 |
||